Sustainable schools (Record no. 107361)
[ view plain ]
| 000 -LEADER | |
|---|---|
| fixed length control field | 01439cad a22002295a 4500 |
| 001 - CONTROL NUMBER | |
| control field | L139833 |
| 008 - FIXED-LENGTH DATA ELEMENTS--GENERAL INFORMATION | |
| fixed length control field | 070813e20070809xxk f f000 0 eng d |
| 035 ## - SYSTEM CONTROL NUMBER | |
| System control number | (Sirsi) u139833 |
| 041 0# - LANGUAGE CODE | |
| Language code of text/sound track or separate title | eng |
| 050 04 - LIBRARY OF CONGRESS CALL NUMBER | |
| Classification number | 333.72 $2 18 |
| 110 1# - MAIN ENTRY--CORPORATE NAME | |
| Corporate name or jurisdiction name as entry element | United Kingdom |
| Subordinate unit | House of Commons |
| -- | Select Committee on Education and Skills |
| 9 (RLIN) | 5316 |
| 245 00 - TITLE STATEMENT | |
| Title | Sustainable schools |
| Remainder of title | are we building schools for the future? |
| -- | seventh report of session 2006-07 |
| Medium | [electronic resource] |
| 260 ## - PUBLICATION, DISTRIBUTION, ETC. | |
| Place of publication, distribution, etc. | London |
| Name of publisher, distributor, etc. | TSO |
| Date of publication, distribution, etc. | 2007 |
| 490 #0 - SERIES STATEMENT | |
| Series statement | HC |
| Volume/sequential designation | 140-I |
| 520 ## - SUMMARY, ETC. | |
| Summary, etc. | Reports on progress with the Building Schools for the Future (BSF) project and recommends areas for improvement. Under the BSF programme, 100 schools were due to be open by the end of 2007. However, with delays across the board the first BSF school is due to open in September 2007. This report examines three key areas of the programme; the effectiveness of the planning and procurement process, whether sustainability has a high enough profile, and whether educational transformation lies at the heart of the process. Also questions whether BSF is the best way to spend £45bn on education. |
| 590 ## - LOCAL NOTE (RLIN) | |
| Local note | KA NTK |
| 650 24 - SUBJECT ADDED ENTRY--TOPICAL TERM | |
| Topical term or geographic name entry element | DFES BUILDING SCHOOLS FOR THE FUTURE |
| 651 #4 - SUBJECT ADDED ENTRY--GEOGRAPHIC NAME | |
| Geographic name | England |
| Chronological subdivision | 886- |
| 690 ## - LOCAL SUBJECT ADDED ENTRY--TOPICAL TERM (OCLC, RLIN) | |
| Topical term or geographic name as entry element | BUILT ENVIRONMENT-SUSTAINABLE CONSTRUCTION |
| 856 40 - ELECTRONIC LOCATION AND ACCESS | |
| Uniform Resource Identifier | <a href="https://www.publications.parliament.uk/pa/cm/cmeduski.htm">https://www.publications.parliament.uk/pa/cm/cmeduski.htm</a> |
| Public note | View the report free of charge at www.publications.parliament.uk... |
| 942 ## - ADDED ENTRY ELEMENTS (KOHA) | |
| Suppress in OPAC | 0 |
| Withdrawn status | Lost status | Source of classification or shelving scheme | Damaged status | Not for loan | Home library | Current library | Shelving location | Date acquired | Total Checkouts | Full call number | Barcode | Date last seen | Copy number | Price effective from | Koha item type |
|---|---|---|---|---|---|---|---|---|---|---|---|---|---|---|---|
| Dewey Decimal Classification | Virtual | Virtual | Online | 13/08/2007 | ONLINE PUBLICATION | 139833-2001 | 06/08/2019 | 1 | 06/08/2019 | Book |